|
|
|
|
| LEADER |
02187nam a2200541 a 4500 |
| 001 |
nkc20102119020 |
| 003 |
CZ PrNK |
| 005 |
20110328120958.0 |
| 007 |
ta |
| 008 |
100803s2010 xr ach e 001 0acze |
| 015 |
|
|
|a cnb002119020
|
| 020 |
|
|
|a 978-80-7405-084-8
|q (váz.)
|
| 035 |
|
|
|a (OCoLC)713789234
|
| 040 |
|
|
|a ABA001
|b cze
|d BOA001
|
| 043 |
|
|
|a e-xr---
|
| 045 |
|
|
|a x-y-
|
| 072 |
|
7 |
|a 78.07
|x Hudebníci, skladatelé a jiná hudební povolání
|2 Konspekt
|9 9
|
| 072 |
|
7 |
|a 929
|x Biografie
|2 Konspekt
|9 8
|
| 080 |
|
|
|a 929
|2 MRF
|
| 080 |
|
|
|a 78.071.1/.2
|2 MRF
|
| 080 |
|
|
|a 78.03.011.26
|2 MRF
|
| 080 |
|
|
|a 78.036.011.26
|2 MRF
|
| 080 |
|
|
|a (437.3)
|2 MRF
|
| 080 |
|
|
|a (0:82-94)
|2 MRF
|
| 100 |
1 |
|
|a Císař, Jaroslav,
|d 1955-
|7 jn19981228067
|4 aut
|
| 245 |
1 |
0 |
|a Zlatý důl vzpomínek :
|b (život Jana Farmera Obermayera plný hudby) /
|c Jaroslav Císař, Jan Farmer Obermayer
|
| 246 |
3 |
0 |
|a Život Jana Farmera Obermayera plný hudby
|
| 250 |
|
|
|a Vyd. 1.
|
| 260 |
|
|
|a Ústí nad Orlicí :
|b Oftis,
|c 2010
|
| 300 |
|
|
|a 263 s. :
|b il. (některé barev.), portréty, faksim. ;
|c 24 cm
|
| 504 |
|
|
|a Obsahuje bibliografii a rejstřík
|
| 600 |
1 |
7 |
|a Obermayer, Jan F.,
|d 1944-
|7 ola2004253774
|2 czenas
|
| 648 |
|
7 |
|a 20.-21. století
|7 ch462155
|2 czenas
|
| 650 |
0 |
7 |
|a hudebníci
|7 ph117204
|z Česko
|y 20.-21. století
|2 czenas
|
| 650 |
0 |
7 |
|a populární hudba
|7 ph124352
|z Česko
|y 20.-21. století
|2 czenas
|
| 650 |
0 |
7 |
|a rock
|7 ph125174
|z Česko
|y 20.-21. století
|2 czenas
|
| 650 |
0 |
9 |
|a musicians
|z Czechia
|y 20th-21st centuries
|2 eczenas
|
| 650 |
0 |
9 |
|a popular music
|z Czechia
|y 20th-21st centuries
|2 eczenas
|
| 650 |
0 |
9 |
|a rock music
|z Czechia
|y 20th-21st centuries
|2 eczenas
|
| 655 |
|
7 |
|a autobiografické vzpomínky
|7 fd131854
|2 czenas
|
| 655 |
|
9 |
|a autobiographical reminiscences
|2 eczenas
|
| 700 |
1 |
|
|a Obermayer, Jan F.,
|d 1944-
|7 ola2004253774
|4 aut
|
| 856 |
4 |
1 |
|u http://www.digitalniknihovna.cz/mzk/uuid/uuid:d689cb30-3313-11e8-8cf8-005056827e52
|y Digitalizovaný dokument
|x NDK
|
| 910 |
2 |
|
|a BOA001
|b 2-1258.791
|
| 990 |
|
|
|a BK
|
| 995 |
|
|
|a 01
|
| 991 |
|
|
|b 201102
|c NOV
|e n
|
| 996 |
6 |
|
|b 2610460740
|c 2-1258.791
|l MZK
|r Sklad / do 1 hodiny
|n 2
|p p.v.
|w 001165507
|u 000010
|a 1
|e BOA001
|j MZK50
|s P
|